000 00311nam a2200133 i 4500
001 bg
100 1 _aLJASKO, M. N.
245 0 _aLaboratornye raboty po radiotechnike /
_cM.N. Ljasko.
260 _aMinsk,
_c1972.
040 _cBPK
041 _apol
942 _cKS
008 s pl f |000 0 pol
999 _c15071
_d15071
856 _uhttp://koha.tu.koszalin.pl/cgi-bin/koha/opac-detail.pl?biblionumber=15071
_yKatalog online BPK